00604nam a22001817a 450000500170000001000150001702000260003202000220005803500140008003700130009408200170010710000230012424500980014726000450024527000560029030000270034650000490037320170328161056.0 aENG-117612 a9780199471980c495.00 a019471983c495.00 aEN-101144 bDABD/PUB a305.51220954 aDeshpande, Ashwini aThe grammar of caste :cby Ashwini Deshpandebeconomic discrimination in contemporary India / aNew DelhibOxford University Pressc2017 aYMCA Library Buiding 1 Jai SinghbNew Delhie110001 axxxix,297p.c23cm(pbk) aIncludes bibliographical references andindex